000 00415nam a2200181Ia 4500
001 1852
005 20260306143759.0
008 260306t2006||||xx |||||||||||||| ||spa||
041 _aESP
082 _a155.7
_bS21
100 _aSantrock, John W.
_eAUT
245 0 _aPsicologĂ­a del desarrollo:
_bel ciclo vital
260 _c2006
300 _a
_c
650 _aGEN
654 _aCPS
942 _cLIB
_dJUS
_fJUS
_2ddc
_n
999 _c1852
_d1852